| 000 | 00578nam a2200241Ia 4500 | ||
|---|---|---|---|
| 008 | 210210b1991 xxu||||| |||| 00| 0 eng d | ||
| 020 | _a8185031436 | ||
| 082 | _a576 PURM | ||
| 100 | _aPUROHIT (S S). | ||
| 245 | _aMicrobiology: fundamentals and applications. Ed 4. | ||
| 250 | _a | ||
| 260 |
_aDelhi _bAgro Botanical Publishers _c1991 |
||
| 300 | _a572 | ||
| 650 | _aMicrobiology: | ||
| 650 | _aMicrobiology | ||
| 650 | _afundamentals | ||
| 650 | _aEd | ||
| 650 | _aapplications. | ||
| 650 | _aand | ||
| 650 | _a4. | ||
| 690 | _aMicrobiology | ||
| 906 | _a046753 | ||
| 999 |
_c96114 _d96114 |
||